<?xml version="1.0" encoding="UTF-8"?>
<record
    xmlns:xsi="http://www.w3.org/2001/XMLSchema-instance"
    xsi:schemaLocation="http://www.loc.gov/MARC21/slim http://www.loc.gov/standards/marcxml/schema/MARC21slim.xsd"
    xmlns="http://www.loc.gov/MARC21/slim">

  <leader>03438nam a2200397 a 4500</leader>
  <controlfield tag="001">Z_6217</controlfield>
  <controlfield tag="003">CHAP</controlfield>
  <controlfield tag="005">20231017122857.0</controlfield>
  <controlfield tag="007">ta</controlfield>
  <controlfield tag="008">220601t2010    mx ado gr     001 0 s   d</controlfield>
  <datafield tag="020" ind1=" " ind2=" ">
    <subfield code="a">978-607-17-0605-8</subfield>
  </datafield>
  <datafield tag="040" ind1=" " ind2=" ">
    <subfield code="a">Z</subfield>
    <subfield code="c">CHAP</subfield>
  </datafield>
  <datafield tag="082" ind1="0" ind2="4">
    <subfield code="a">591.56 </subfield>
    <subfield code="b">P75 2010</subfield>
    <subfield code="2">20</subfield>
  </datafield>
  <datafield tag="100" ind1="1" ind2=" ">
    <subfield code="a">Price, Edward O.</subfield>
    <subfield code="e">autor</subfield>
    <subfield code="9">91575</subfield>
  </datafield>
  <datafield tag="245" ind1="0" ind2="0">
    <subfield code="a">Conducta animal aplicada al cuidado y producci&#xF3;n pecuaria / </subfield>
    <subfield code="c">Edward O. Price y Agust&#xED;n Orihuela</subfield>
  </datafield>
  <datafield tag="264" ind1=" " ind2="1">
    <subfield code="a">M&#xE9;xico, D. F.: </subfield>
    <subfield code="b">Trillas,</subfield>
    <subfield code="c">2010</subfield>
  </datafield>
  <datafield tag="300" ind1=" " ind2=" ">
    <subfield code="a">111 p&#xE1;ginas:</subfield>
    <subfield code="b">ilustraciones, gr&#xE1;ficas, tablas, fotograf&#xED;as</subfield>
  </datafield>
  <datafield tag="336" ind1=" " ind2=" ">
    <subfield code="2">rdacontent</subfield>
    <subfield code="a">texto</subfield>
    <subfield code="b">txt</subfield>
  </datafield>
  <datafield tag="337" ind1=" " ind2=" ">
    <subfield code="2">rdamedia</subfield>
    <subfield code="a">n</subfield>
    <subfield code="b">sinmedio</subfield>
  </datafield>
  <datafield tag="338" ind1=" " ind2=" ">
    <subfield code="2">rdacarrier</subfield>
    <subfield code="a">volumen</subfield>
    <subfield code="b">nc</subfield>
  </datafield>
  <datafield tag="500" ind1=" " ind2=" ">
    <subfield code="a">ej.1 - ej.6: donaci&#xF3;n
ej.7: consumo</subfield>
  </datafield>
  <datafield tag="504" ind1=" " ind2=" ">
    <subfield code="a">Bibliograf&#xED;a: p&#xE1;ginas 99 - 105</subfield>
  </datafield>
  <datafield tag="505" ind1=" " ind2=" ">
    <subfield code="g">Introducci&#xF3;n. -- 1. Uso de la selecci&#xF3;n artificial para resolver problemas conductuales en producci&#xF3;n animal. -- 2. Efecto correlacionado en la selecci&#xF3;n . -- 3. Efecto de la experiencia temprana en el desarrollo de preferencia por alimentos. -- 4. Efecto de la crianza en aislamiento sobre agresividad y facilidad de manejo. -- 5. Efecto de la crianza en aislamiento sobre la conducta sexual del verraco. -- 6. El papel de la habituaci&#xF3;n en el manejo de los animales. -- 7. El tiempo de refuerzo o castigo en el condicionamiento. -- 8. Subdesempe&#xF1;o sexual. --9. Efecto de la crianza de machos en grupos de s&#xF3;lo-machos vs. grupos heterosexuales. -- 10. Empadres m&#xFA;ltiples con machos de la misma edad vs. diferentes edades. -- 11. Midiendo el desempe&#xF1;o sexual de los machos. -- 12. Manteniendo la libido durante la monta natural. -- 13. Manteniendo la libido durante la colecci&#xF3;n de semen. -- T&#xE9;cnicas conductuales para maximizar la calidad del semen.</subfield>
  </datafield>
  <datafield tag="520" ind1=" " ind2=" ">
    <subfield code="a">&#xBF;Por qu&#xE9; los animales dom&#xE9;sticos se portan como lo hacen? &#xBF;Cu&#xE1;les son las implicaciones pr&#xE1;cticas de este tipo de comportamiento? &#xBF;C&#xF3;mo podemos utilizar estas conductas para incrementar su productividad o brindarles mejor bienestar? para todos los que buscan respuestas a este tipo de cuestionamientos, veterinarios, agr&#xF3;nomos, productores, bi&#xF3;logos, psic&#xF3;logos y quienes tengan inter&#xE9;s en la etolog&#xED;a, surge este libro que explora las posibilidades de la aplicaci&#xF3;n de esta ciencia. Los autores ofrecen informaci&#xF3;n cient&#xED;fica actual as&#xED; como la acumulaci&#xF3;n durante a&#xF1;os de experiencia respecto a las implicaciones del cuidado de los animales y su manejo en las granjas. Este compendio actualizado de conceptos y conocimiento pr&#xE1;ctico acerca de la conducta animal, se exponen de manera sencilla, amena y con amplio dominio de la materia; aqu&#xED; se abordan la relaci&#xF3;n del hombre con los animales, la selecci&#xF3;n gen&#xE9;tica, la crianza, problemas causados por el comportamiento, o las soluciones que pueden  darse a muchas complicaciones cuando se conoce la conducta de los animales as&#xED; como el dise&#xF1;o de pr&#xE1;cticas de manejo e instalaciones m&#xE1;s seguras y eficientes, entre otros temas.</subfield>
  </datafield>
  <datafield tag="650" ind1=" " ind2="2">
    <subfield code="a">Conducta animal</subfield>
    <subfield code="9">134384</subfield>
  </datafield>
  <datafield tag="650" ind1=" " ind2="2">
    <subfield code="a">Conducta sexual animal</subfield>
    <subfield code="9">134385</subfield>
  </datafield>
  <datafield tag="650" ind1=" " ind2="0">
    <subfield code="a">Comportamiento reproductivo</subfield>
    <subfield code="9">143263</subfield>
  </datafield>
  <datafield tag="650" ind1="1" ind2="3">
    <subfield code="a">Animales dom&#xE9;sticos</subfield>
    <subfield code="9">5889</subfield>
    <subfield code="x">H&#xE1;bitos y conducta</subfield>
  </datafield>
  <datafield tag="700" ind1=" " ind2=" ">
    <subfield code="a">Orihuela, Agust&#xED;n</subfield>
    <subfield code="9">183362</subfield>
    <subfield code="e">coautor</subfield>
  </datafield>
  <datafield tag="901" ind1=" " ind2=" ">
    <subfield code="a">591.56 P75 2010</subfield>
  </datafield>
  <datafield tag="902" ind1=" " ind2=" ">
    <subfield code="a">M</subfield>
  </datafield>
  <datafield tag="905" ind1=" " ind2=" ">
    <subfield code="a">5032272010                          mx ad  8000000300spa00</subfield>
  </datafield>
  <datafield tag="942" ind1=" " ind2=" ">
    <subfield code="2">ddc</subfield>
  </datafield>
  <datafield tag="942" ind1=" " ind2=" ">
    <subfield code="2">ddc</subfield>
  </datafield>
  <datafield tag="942" ind1=" " ind2=" ">
    <subfield code="c">LIBRO</subfield>
  </datafield>
  <datafield tag="999" ind1=" " ind2=" ">
    <subfield code="c">217094</subfield>
    <subfield code="d">217094</subfield>
  </datafield>
  <datafield tag="952" ind1=" " ind2=" ">
    <subfield code="0">0</subfield>
    <subfield code="1">0</subfield>
    <subfield code="2">ddc</subfield>
    <subfield code="4">0</subfield>
    <subfield code="5">1</subfield>
    <subfield code="7">0</subfield>
    <subfield code="8">GRAL</subfield>
    <subfield code="a">Z</subfield>
    <subfield code="b">Z</subfield>
    <subfield code="d">2023-10-16</subfield>
    <subfield code="e">Donaci&#xF3;n</subfield>
    <subfield code="i">Donaci&#xF3;n</subfield>
    <subfield code="l">0</subfield>
    <subfield code="o">591.56 P75 2010</subfield>
    <subfield code="p">5102004699</subfield>
    <subfield code="r">2023-10-16 00:00:00</subfield>
    <subfield code="t">Ej.1</subfield>
    <subfield code="w">2023-10-16</subfield>
    <subfield code="y">LIBRO</subfield>
  </datafield>
  <datafield tag="952" ind1=" " ind2=" ">
    <subfield code="0">0</subfield>
    <subfield code="1">0</subfield>
    <subfield code="2">ddc</subfield>
    <subfield code="4">0</subfield>
    <subfield code="5">5</subfield>
    <subfield code="7">0</subfield>
    <subfield code="8">GRAL</subfield>
    <subfield code="a">Z</subfield>
    <subfield code="b">Z</subfield>
    <subfield code="d">2023-10-16</subfield>
    <subfield code="e">Donaci&#xF3;n</subfield>
    <subfield code="i">Donaci&#xF3;n</subfield>
    <subfield code="l">0</subfield>
    <subfield code="o">591.56 P75 2010</subfield>
    <subfield code="p">5102004700</subfield>
    <subfield code="r">2023-10-16 00:00:00</subfield>
    <subfield code="t">Ej.2</subfield>
    <subfield code="w">2023-10-16</subfield>
    <subfield code="y">LIBRO</subfield>
  </datafield>
  <datafield tag="952" ind1=" " ind2=" ">
    <subfield code="0">0</subfield>
    <subfield code="1">0</subfield>
    <subfield code="2">ddc</subfield>
    <subfield code="4">0</subfield>
    <subfield code="5">5</subfield>
    <subfield code="7">0</subfield>
    <subfield code="8">GRAL</subfield>
    <subfield code="a">Z</subfield>
    <subfield code="b">Z</subfield>
    <subfield code="d">2023-10-16</subfield>
    <subfield code="e">Donaci&#xF3;n</subfield>
    <subfield code="i">Donaci&#xF3;n</subfield>
    <subfield code="l">0</subfield>
    <subfield code="o">591.56 P75 2010</subfield>
    <subfield code="p">5102004705</subfield>
    <subfield code="r">2023-10-16 00:00:00</subfield>
    <subfield code="t">Ej.3</subfield>
    <subfield code="w">2023-10-16</subfield>
    <subfield code="y">LIBRO</subfield>
  </datafield>
  <datafield tag="952" ind1=" " ind2=" ">
    <subfield code="0">0</subfield>
    <subfield code="1">0</subfield>
    <subfield code="2">ddc</subfield>
    <subfield code="4">0</subfield>
    <subfield code="5">5</subfield>
    <subfield code="7">0</subfield>
    <subfield code="8">GRAL</subfield>
    <subfield code="a">Z</subfield>
    <subfield code="b">Z</subfield>
    <subfield code="d">2023-10-16</subfield>
    <subfield code="e">Donaci&#xF3;n</subfield>
    <subfield code="i">Donaci&#xF3;n</subfield>
    <subfield code="l">0</subfield>
    <subfield code="o">591.56 P75 2010</subfield>
    <subfield code="p">5102004781</subfield>
    <subfield code="r">2023-10-16 00:00:00</subfield>
    <subfield code="t">Ej.4</subfield>
    <subfield code="w">2023-10-16</subfield>
    <subfield code="y">LIBRO</subfield>
  </datafield>
  <datafield tag="952" ind1=" " ind2=" ">
    <subfield code="0">0</subfield>
    <subfield code="1">0</subfield>
    <subfield code="2">ddc</subfield>
    <subfield code="4">0</subfield>
    <subfield code="5">5</subfield>
    <subfield code="7">0</subfield>
    <subfield code="8">GRAL</subfield>
    <subfield code="a">Z</subfield>
    <subfield code="b">Z</subfield>
    <subfield code="d">2023-10-16</subfield>
    <subfield code="e">Donaci&#xF3;n</subfield>
    <subfield code="i">Donaci&#xF3;n</subfield>
    <subfield code="l">0</subfield>
    <subfield code="o">591.56 P75 2010</subfield>
    <subfield code="p">5102004796</subfield>
    <subfield code="r">2023-10-16 00:00:00</subfield>
    <subfield code="t">Ej.5</subfield>
    <subfield code="w">2023-10-16</subfield>
    <subfield code="y">LIBRO</subfield>
  </datafield>
  <datafield tag="952" ind1=" " ind2=" ">
    <subfield code="0">0</subfield>
    <subfield code="1">0</subfield>
    <subfield code="2">ddc</subfield>
    <subfield code="4">0</subfield>
    <subfield code="5">5</subfield>
    <subfield code="7">0</subfield>
    <subfield code="8">GRAL</subfield>
    <subfield code="a">Z</subfield>
    <subfield code="b">Z</subfield>
    <subfield code="d">2023-10-16</subfield>
    <subfield code="e">Donaci&#xF3;n</subfield>
    <subfield code="i">Donaci&#xF3;n</subfield>
    <subfield code="l">0</subfield>
    <subfield code="o">591.56 P75 2010</subfield>
    <subfield code="p">5102004797</subfield>
    <subfield code="r">2023-10-16 00:00:00</subfield>
    <subfield code="t">Ej.6</subfield>
    <subfield code="w">2023-10-16</subfield>
    <subfield code="y">LIBRO</subfield>
  </datafield>
  <datafield tag="952" ind1=" " ind2=" ">
    <subfield code="0">0</subfield>
    <subfield code="1">0</subfield>
    <subfield code="2">ddc</subfield>
    <subfield code="4">0</subfield>
    <subfield code="5">5</subfield>
    <subfield code="7">0</subfield>
    <subfield code="8">GRAL</subfield>
    <subfield code="a">Z</subfield>
    <subfield code="b">Z</subfield>
    <subfield code="d">2019-11-22</subfield>
    <subfield code="e">Compra Libreria UACh No. 38608</subfield>
    <subfield code="g">127.60</subfield>
    <subfield code="i">Consumo</subfield>
    <subfield code="l">0</subfield>
    <subfield code="o">591.56 P75 2010</subfield>
    <subfield code="p">5102007387</subfield>
    <subfield code="r">2023-10-16 00:00:00</subfield>
    <subfield code="t">Ej.7</subfield>
    <subfield code="w">2023-10-16</subfield>
    <subfield code="y">LIBRO</subfield>
  </datafield>
</record>
